How to write law essays & exams / (Record no. 22005)
[ view plain ]
| 000 -LEADER | |
|---|---|
| fixed length control field | 01723cam a22003015a 4500 |
| 001 - CONTROL NUMBER | |
| control field | 18149873 |
| 005 - DATE AND TIME OF LATEST TRANSACTION | |
| control field | 20160727151132.0 |
| 008 - FIXED-LENGTH DATA ELEMENTS--GENERAL INFORMATION | |
| fixed length control field | 140513s2014 enk fr 001 0 eng d |
| 010 ## - LIBRARY OF CONGRESS CONTROL NUMBER | |
| LC control number | 2014940646 |
| 020 ## - INTERNATIONAL STANDARD BOOK NUMBER | |
| International Standard Book Number | 0199684553 (pbk.) |
| 020 ## - INTERNATIONAL STANDARD BOOK NUMBER | |
| International Standard Book Number | 9780199684557 (pbk.) |
| 040 ## - CATALOGING SOURCE | |
| Original cataloging agency | DLC |
| Language of cataloging | eng |
| Transcribing agency | DLC |
| Modifying agency | EG-ScBUE |
| 082 04 - DEWEY DECIMAL CLASSIFICATION NUMBER | |
| Classification number | 340.014 |
| Item number | STR |
| Edition number | 22 |
| 100 1# - MAIN ENTRY--PERSONAL NAME | |
| Personal name | Strong, Stacie. |
| 9 (RLIN) | 40392 |
| 245 10 - TITLE STATEMENT | |
| Title | How to write law essays & exams / |
| Statement of responsibility, etc | S. I. Strong. |
| 246 3# - VARYING FORM OF TITLE | |
| Title proper/short title | How to write law essays and exams |
| 250 ## - EDITION STATEMENT | |
| Edition statement | 4th ed. |
| 260 ## - PUBLICATION, DISTRIBUTION, ETC. (IMPRINT) | |
| Place of publication, distribution, etc | Oxford ; |
| -- | New York : |
| Name of publisher, distributor, etc | Oxford University Press, |
| Date of publication, distribution, etc | c.2014. |
| 300 ## - PHYSICAL DESCRIPTION | |
| Extent | x, 280 p. ; |
| Dimensions | 24 cm. |
| 500 ## - GENERAL NOTE | |
| General note | Index : p. [277]-280. |
| 505 ## - FORMATTED CONTENTS NOTE | |
| Formatted contents note | Guide to the Online Resource Centre -- An introduction to writing law essays and exams -- Building the necessary foundation : reading, understanding and summarising legal materials -- Step one in the CLEO method : the claim --<br/>Step two in the CLEO method : the law -- Step three in the CLEO method : the evaluation -- Step four in the CLEO method : the outcome -- Adapting CLEO to 'discuss' questions --<br/>General tips on legal writing -- Adapting CLEO for professional practice -- Worked questions. |
| 520 ## - SUMMARY, ETC. | |
| Summary, etc | This book provides law students with a practical and proven method of analysing and answering essays and exam questions. Designed for students of all levels, including A-level, university, conversion, and vocational courses, the text teaches vital writing and analytical skills to help students in their substantive law studies |
| 650 #7 - SUBJECT ADDED ENTRY--TOPICAL TERM | |
| Topical term or geographic name as entry element | Legal composition. |
| Source of heading or term | BUEsh |
| 9 (RLIN) | 40396 |
| 650 #7 - SUBJECT ADDED ENTRY--TOPICAL TERM | |
| Topical term or geographic name as entry element | Law |
| Form subdivision | Examinations, questions, etc. |
| Source of heading or term | BUEsh |
| 9 (RLIN) | 40400 |
| 651 ## - SUBJECT ADDED ENTRY--GEOGRAPHIC NAME | |
| Source of heading or term | BUEsh |
| 653 ## - INDEX TERM--UNCONTROLLED | |
| Resource For college | Law |
| Arrived date list | July2016 |
| 942 ## - ADDED ENTRY ELEMENTS (KOHA) | |
| Source of classification or shelving scheme | Dewey Decimal Classification |
| Edition | 22 |
| Call number prefix | 340.0711 STR |
| Withdrawn status | Item status | Source of classification or shelving scheme | Damaged status | Not for loan | Vendor | Home library | Current library | Shelving location | Date acquired | Source of acquisition | Cost, normal purchase price | Serial Enumeration / chronology | Total Checkouts | Total Renewals | Full call number | Barcode | Date last seen | Date last borrowed | Cost, replacement price | Koha item type |
|---|---|---|---|---|---|---|---|---|---|---|---|---|---|---|---|---|---|---|---|---|
| Dewey Decimal Classification | Baccah | Central Library | Central Library | First floor | 21/07/2016 | Purchase | 266.00 | 26080 | 6 | 44 | 340.0711 STR | 000032884 | 15/07/2025 | 07/05/2025 | 332.50 | Book - Borrowing |